Normal view
MARC view
Entry Personal Name
001 - CONTROL NUMBER
- control field: 241352
003 - CONTROL NUMBER IDENTIFIER
- control field: OSt
005 - DATE AND TIME OF LATEST TRANSACTION
- control field: 20251003144453.0
008 - FIXED-LENGTH DATA ELEMENTS
- fixed length control field: 251003|| aca||aabn | a|a d
040 ## - CATALOGING SOURCE
- Original cataloging agency: OSt
- Transcribing agency: OSt
100 ## - HEADING--PERSONAL NAME
- Personal name: RORIK (Svethaslov).
- Dates associated with a name: ಸ್ವೆತಾಸ್ಲೋವ್ ರೋರಿಕ್
670 ## - SOURCE DATA FOUND
- Source citation: Work cat.: (OSt)107464: RORIK (Svethaslov). ಸ್ವೆತಾಸ್ಲೋವ್ ರೋರಿಕ್, Kaleyalli manavatavada., 2004